LEADER 01218nam a2200277 a 4500 001 000000118525 003 CaOOAMICUS 005 20091202132618.0 008 091202s1977 sp a u000 u spa r 020 $a84-317-0423-3 040 $aPUL$bita$dCP 100 1 $aGarcía, Nieves.$0(OLS)http://pul/name/74044 245 10$aCiudad y sociedad capitalista :$bcondicionantes y protagonistas /$cNieves García [y] Guillermo Oliver. 260 $aBilbao :$bZero,$c1977. 300 $a166 p. :$bill. ;$c17 cm 490 1 $aLee y discute ;$v78 650 4$aCapitalismo.$0(OLS)http://pul/subject/7257 650 4$aCapitalismo (sociologia).$0(OLS)http://pul/subject/22773 700 1 $aOliver, Guillermo.$0(OLS)http://pul/name/74045 830 0$aLee y discute ;$v78.$0(OLS)http://pul/title/149173 850 $aPUL 852 $aPUL$W1$xDP1 Cons. Gen., Altre Classi 1$y22$m843 H 86$j135977$qStampati$B134964$CPULBib$Z2$F134964 $H64317 $82 941 1 $a8 996 $6020$a84-317-0423-3$9(OLS)http://pul/number/142631 996 $6245$aCiudad y sociedad capitalista :$bcondicionantes y protagonistas$9(OLS)http://pul/title/149172 996 $6260$aBilbao :$bZero$9(OLS)http://pul/publisher/74150 LEADER 01280nam a2200277 u 4500 001 000000109336 003 CaOOAMICUS 005 20080131102042.0 008 080131s1977 fr u000 u fre u 040 $aPUL$bita$dMCT 100 1 $aHameline, Daniel.$0(OLS)http://pul/name/66998 245 13$aLa liberté d'apprendre :$bsituation II : rétrospective sur un enseignement non-directif /$cDaniel Hameline, Marie-Joëlle Dardelin. 260 $aParis :$bÉditions Ouvrières,$c1977. 300 $a349 p. ;$c21 cm. 490 1 $aPoints d'appui.$aEducation 500 $aInclude indice. 504 $aInclude bibliografia. 650 4$aDidattica.$0(OLS)http://pul/subject/14912 650 4$aApprendimento.$0(OLS)http://pul/subject/4539 700 1 $aDardelin, Marie-Joëlle.$0(OLS)http://pul/name/66999 830 0$aPoints d'appui.$pEducation.$0(OLS)http://pul/title/137552 850 $aPUL 852 $aPUL$W1$xDP1 Cons. Gen., Altre Classi 1$y22$m846 A 21$j125020$qStampati$B123750$CPULBib$Z2$F123750 $H64277 $82 941 1 $a8 996 $6245$aLa liberté d'apprendre :$bsituation II : rétrospective sur un enseignement non-directif$9(OLS)http://pul/title/137551 996 $6260$aParis :$bÉditions Ouvrières$9(OLS)http://pul/publisher/64896